Antología general

Salvato in:
Dettagli Bibliografici
Autore principale: Neruda, Pablo (autor)
Natura: Libro
Lingua:spagnolo
Pubblicazione: Lima Real Academia Española 2010
Lima Alfaguara 2010
Edizione:1a. ed
Soggetti:
Tags: Aggiungi Tag
Nessun Tag, puoi essere il primo ad aggiungerne!!

MARC

LEADER 00000nam a2200000 a 4500
001 UCG1138
003 CL-VaPUC
008 100422e20100000PE |||||||||||||||||spa|d
020 |a 9788420404967 
082 0 4 |a 861  |b NER  |2 21 
100 |a Neruda, Pablo  |e autor  |9 306531 
245 1 0 |a Antología general 
250 |a 1a. ed 
300 |a 714 p 
942 |c BK 
945 |d 20100422 00:00:00  |a cmena 
260 |a Lima  |b Real Academia Española  |c 2010 
260 |a Lima  |b Alfaguara  |c 2010 
650 0 |a Poesías chilenas   |9 265280 
650 0 |a Literatura chilena   |9 308278 
583 |a last modification  |c 20130326 08:54:11  |k Rodrigo Vera 
999 |c 340582  |d 340580 
952 |0 0  |1 1  |2 ddc  |4 0  |6 861_000000000000000_NER_2010_2010  |7 0  |8 C  |9 435438  |a BIBCUR  |b BIBCUR  |d 2019-11-22  |i 466132K  |o 861 NER 2010 2010  |p 466132K  |r 2019-11-22  |w 2019-11-22  |y BK  |k CAC